Tự học đàm thoại tiếng Anh, tập 2 (Kèm theo CD/ 760 )

Đã lưu trong:
书目详细资料
格式: 图书
出版: 2008
标签: 添加标签
没有标签, 成为第一个标记此记录!
Thư viện lưu trữ: Mạng thư viện Đại học Đà Nẵng
LEADER 00481nam a22001811a 4500
001 000038404
003 14699
005 20160412021307.0
008 160412s2008 000
082 |a 4A(07)2513 
245 |a Tự học đàm thoại tiếng Anh, tập 2 (Kèm theo CD/ 760 )  |c Christopher B.Allen 
260 |c 2008 
OWN |a LNN 
999 |a From the UDN01 
TYP |a Monograph 
980 |a Mạng thư viện Đại học Đà Nẵng